Loading...

NUMSMATIC CLEANINGS

Bibliographic Details
Main Author: HANDA,DEVENDRA
Published: AGAM KALA PRAKASHAN
LEADER 00485nam a2200229 4500
020
082 |a 737 HAN 
100 |a HANDA,DEVENDRA 
245 |a NUMSMATIC CLEANINGS  |h ENGLISH 
250
260 |b AGAM KALA PRAKASHAN 
300
500
501
538
590
630
650
700
942
999 |c 178858  |d 178858 
952 |0 0  |1 0  |4 0  |6 737_000000000000000_HAN  |7 0  |9 192221  |a AGY  |b AGY  |d 2019-10-25  |l 0  |o 737 HAN  |p AGY3067  |r 2019-10-25  |w 2019-10-25